Rudiments of physics : (Record no. 93083)

MARC details
000 -LEADER
fixed length control field 00700nam a22002057a 4500
005 - DATE AND TIME OF LATEST TRANSACTION
control field 20150605143849.0
010 ## - LCCN (DPL NO)
LC control number ENG-112750
020 ## - INTERNATIONAL STANDARD BOOK NUMBER
Terms of availability 600.00
International Standard Book Number 9789383420445
035 ## - SYSTEM CONTROL NUMBER
System control number EN-96282
037 ## - SOURCE OF ACQUISITION
Source of stock number/acquisition DBAD/PUB
082 ## - DEWEY DECIMAL CLASSIFICATION NUMBER
Classification number 530
100 ## - MAIN ENTRY--PERSONAL NAME
Personal name Ghosh, Ranajit
245 ## - TITLE STATEMENT
Title Rudiments of physics :
Statement of responsibility, etc by Ranajit Ghosh [and] Ashit Kumar Chakraborty
Remainder of title for W.B.J.E.E.,A.I.E.E.E.........and other competitive examinations /
250 ## - EDITION STATEMENT
Edition statement 8th ed
260 ## - PUBLICATION, DISTRIBUTION, ETC. (IMPRINT)
Place of publication, distribution, etc Kolkata
Name of publisher, distributor, etc Academic Publishers
Date of publication, distribution, etc 2015
270 ## - ADDRESS
Address 5A Bhawani Dutta Lane,
City Kolkata
Postal code 700073
Electronic mail address www.acabooks.net
300 ## - PHYSICAL DESCRIPTION
Extent viii,1268p. :
Dimensions 25cm(pbk)
Other physical details ill.
700 ## - ADDED ENTRY--PERSONAL NAME
Personal name Chakraborty, Ashit Kumar
942 ## - ADDED ENTRY ELEMENTS (KOHA)
Source of classification or shelving scheme Dewey Decimal Classification
Item type English Books
Call number suffix GHO
Classification part 530
Holdings
Withdrawn status Lost status Not for loan Collection code Home library Current library Date acquired Source of acquisition Cost, normal purchase price Full call number Barcode Copy number Cost, replacement price Koha item type
    Not For Loan Non-fiction D.B.Act.Division D.B.Act.Division 21/04/2015 DBAD/PUB 600.00 530 GHO EN-96282 1 600.00 English Books

© Delhi Public Library
Hit Counter
free hit counter